[Event "Maastricht Limburg op-C 4th"]
[Site "Maastricht"]
[Date "2010.05.21"]
[Round "1"]
[White "Van Steenwinckel, Hugo"]
[Black "Chotoe, Henry"]
[Result "1-0"]
[WhiteElo "1645"]
[BlackElo "1298"]
[PlyCount "95"]
[EventDate "2010.05.21"]
[EventType "swiss"]
[EventRounds "7"]
[EventCountry "NED"]
[SourceTitle "EXT 2011"]
[Source "ChessBase"]
[SourceDate "2010.11.26"]
[SourceVersion "1"]
[SourceVersionDate "2010.11.26"]
[SourceQuality "1"]

1. e4 d6 2. d4 Nf6 3. Nc3 Nbd7 4. Bc4 e5 5. dxe5 dxe5 6. a3 c6 7. Nf3 Be7 8. 0-0 0-0 9. Re1 Qc7 10. Bg5 b5 11. Ba2 Nb6 12. h3 Bd7 13. Re3 Rad8 14. Qe2 Be6 15. Rd3 Bxa2 16. Nxa2 Nh5 17. Bxe7 Qxe7 18. Rxd8 Rxd8 19. Rd1 Nf4 20. Qe1 Ng6 21. Nb4 Rxd1 22. Qxd1 c5 23. Nc6 Qc7 24. Ncxe5 Nxe5 25. Nxe5 h6 26. Nd3 Nc4 27. Qc1 Ne5 28. Qe3 Nxd3 29. Qxd3 Qe5 30. c3 c4 31. Qe3 f5 32. f4 Qxe4 33. Qxe4 fxe4 34. Kf2 Kf7 35. Ke3 Ke6 36. Kxe4 g6 37. g4 a6 38. h4 a5 39. Kd4 g5 40. hxg5 hxg5 41. f5+ Kf6 42. Kc5 Ke5 43. Kxb5 Kf4 44. f6 Kxg4 45. f7 Kh4 46. f8Q g4 47. Qf2+ g3 48. Qg2 1-0